000 02514cam a22002294a 4500
005 20250605163946.0
008 250528s ||||||||||||||||||||||||d
035 _a15210
020 _a534040950
040 _aGR-AtMCL
_bgre
_dGR-AtMCL
_eAACR2
245 1 _aCorporate Finance / Concepts and Applications
260 _bKent Publishing Company,
_c1985
300 _a904
505 0 _aPreface, Introduction, Financial Management: An Overview, The Financial Market, Discounted Cash Flow: The Basic Tool of Financial Analysis, How to Appraise a Capital Project, DCF Methods: Problems Arising in Application, Cash Flow Analysis and Market Factors that Determine the Profitability of Projects, Inflation and the Investment Decision, Risk and Return, Potfolio Theory and the Capital Asset Pricing Model, Risk-Adjusted Discount Rates for Divisions and Capital Projects, Target Setting and Perfomance Measurement for Divisions, Valuation of Companies, The Efficiency of the Stock Market, Valuation of Companies, Acquisitons and Mergers. Dividends and Taxes and Financing Decisions, Dividend Policy, Government and Corporate Debt, Valuation of Options on Common Stocks, Cost of Debt and Capital Structure, Lease Valuation, Financial Planning, Working Capital Management: Inventory, Financial Planning, International Capital Projects, Appendices, Glossary, Index.
520 _aPreface, Introduction, Financial Management: An Overview, The Financial Market, Discounted Cash Flow: The Basic Tool of Financial Analysis, How to Appraise a Capital Project, DCF Methods: Problems Arising in Application, Cash Flow Analysis and Market Factors that Determine the Profitability of Projects, Inflation and the Investment Decision, Risk and Return, Potfolio Theory and the Capital Asset Pricing Model, Risk-Adjusted Discount Rates for Divisions and Capital Projects, Target Setting and Perfomance Measurement for Divisions, Valuation of Companies, The Efficiency of the Stock Market, Valuation of Companies, Acquisitons and Mergers. Dividends and Taxes and Financing Decisions, Dividend Policy, Government and Corporate Debt, Valuation of Options on Common Stocks, Cost of Debt and Capital Structure, Lease Valuation, Financial Planning, Working Capital Management: Inventory, Financial Planning, International Capital Projects, Appendices, Glossary, Index.
700 1 _aBroyles E. John
_91097
700 1 _aCarleton T. Willard
_91098
700 1 _aFranks R. Julian
_91099
942 _cBK
999 _c804
_d804